|
|
|
|
| LEADER |
00000cam a2200000 a 4500 |
| 001 |
vtls001335596 |
| 003 |
SK-MaSNL |
| 005 |
20260426001547.0 |
| 008 |
250312s1971 xo l frn 000 0 slo |
| 015 |
|
|
|a SNBA1971
|
| 035 |
|
|
|a SNK000288569
|
| 035 |
|
|
|a urn:nbn:sk:snk-aml73r
|
| 035 |
|
|
|a urn:nbn:sk:snk-am008tyz
|
| 035 |
|
|
|a C4EEBB83-896A-4D58-8CAF-4441ECBFA430
|
| 040 |
|
|
|a SNK
|b slo
|c SNK
|e AACR2
|
| 041 |
0 |
|
|a slo
|
| 043 |
|
|
|a e-xo---
|
| 044 |
|
|
|a xo
|c SK
|
| 072 |
|
7 |
|a 026/027
|x Knižnice
|2 konspekt
|
| 072 |
|
7 |
|a 021
|x Funkcie, význam a využívanie knižníc
|2 konspekt
|
| 080 |
|
|
|a 026/027
|2 2011
|
| 080 |
|
|
|a 021.6
|2 2001
|
| 080 |
|
|
|a (083.97)
|2 2011
|
| 080 |
|
|
|a (437.6)
|2 2011
|
| 100 |
1 |
|
|a Procházka, Boris,
|d 1929-
|4 aut
|9 230101
|
| 245 |
1 |
0 |
|a Program komplexnej socialistickej racionalizácie jednotnej sústavy knižníc
|b I. variant expertízy pre MK SSR
|c vypracoval: Boris Procházka
|
| 250 |
|
|
|a 1. vyd.
|
| 260 |
|
|
|a Bratislava
|b Ústredná ekonomická knižnica
|c 1971
|
| 300 |
|
|
|a 86 l.
|b tab.
|c 29 cm
|
| 366 |
|
|
|e 400 výtlačkov
|
| 504 |
|
|
|a Bibliogr.
|
| 650 |
0 |
7 |
|a knižnice
|2 SNKPH
|9 17965
|
| 650 |
0 |
7 |
|a kooperácia knižníc
|2 SNKPH
|9 64462
|
| 650 |
0 |
7 |
|a Libraries
|2 SNKPHeng
|9 266251
|
| 650 |
0 |
7 |
|a Library cooperation
|2 SNKPHeng
|9 335470
|
| 651 |
|
7 |
|a Slovensko
|2 SNKPH
|9 14231
|
| 651 |
|
7 |
|a Slovakia
|2 SNKPHeng
|9 92630
|
| 655 |
|
7 |
|a programy
|2 SNKPH
|9 70598
|
| 655 |
|
7 |
|a Programs
|2 SNKPHeng
|9 330885
|
| 852 |
|
|
|a Slovenská národná knižnica
|
| 958 |
|
|
|a OND
|
| 958 |
|
|
|a NB
|
| 958 |
|
|
|a KL
|
| 999 |
|
|
|c 890876
|d 892806
|
| 952 |
|
|
|t P60, <04>, [BOOK], {604}
|a SNK
|b SNK
|y VYP
|7 0
|p 17A0145665
|o snkSB 17443 D1
|i snkKSP 6981/71
|0 0
|1 0
|4 0
|d 1998-06-26
|l 0
|r 2005-01-02 00:00:00
|w 2026-02-24
|
| 952 |
|
|
|t P60, <03>, [BOOK], {603}
|a SNK
|b SNK
|y PREZ
|7 0
|p 17A0151793
|o snkSB 17443
|i snkKSP 6980/71
|0 0
|1 0
|4 0
|d 1998-07-28
|f 1
|l 0
|r 2025-03-18 00:00:00
|w 2026-02-24
|